000 00540nam a2200193Ia 4500
005 20250326141355.0
008 250326s9999 xx 000 0 und d
020 _a0-333-47521-6
037 _aTextbook
040 _aFMSL
_beng
_cFMSL
041 _aeng
_2eng
084 _aX:8.42 N1
_qFMSL
100 _aSuzuki Yoshitaka
245 0 _aJapanese management structures, 1920-80
_cSuzuki Yoshitaka
260 _aLondon
_bLondon, Macmillan
_c1991
300 _axiii,354
942 _cTB
_hX:8.42 N1
999 _c1290002
_d1290002